000 01075namaa2200301 cb4500
001 BV005305351
003 DE-70
005 20250904144453.0
006 m|||| o||u| ||||||
007 tu
007 7
008 920527s1980 a||| |||| 00||| und d
020 _a9783111680590
_9978-3-11-168059-0
024 _a9783111680590
_a978-3-11-168059-0
040 _cRU-10907106
041 _aeng
100 _aCiampani, Andrea (Hrsg.); Kroll, Thomas (Hrsg.)
_4aut
_966832
245 _aTransnational Encounters?
_bEuropean Elites, International Associations and National States (1882-1914)
_cEdited by Andrea Ciampani and Thomas Kroll
264 _aBerlin/München/Boston
_bDe Gruyter; De Gruyter Oldenbourg
_c2025
300 _a134 Seiten
336 _2rdacontent
_aText
_btxt
337 _2rdamedia
_aComputermedien
_bbc
338 _2rdacarrier
_aOnline Ressource
_bcr
490 _aStudies in Early Modern and Contemporary European History
_v8
500 _aE-Book / Zugriff nur im Lesesaal
856 _zVolltext
_uhttps://doi.org/10.1515/9783111680590
942 _cEB
_2z
999 _c72781
_d72781